Psicología social

Gorde:
Xehetasun bibliografikoak
Egile Nagusiak: Montmollin, Germaine de (autora), Lambert, Roger (Egilea), Pages, Robert (Egilea), Flament, Claude (Egilea)
Beste egile batzuk: Maisonneuve, Jean (autor)
Formatua: Liburua
Hizkuntza:gaztelania
Argitaratua: Buenos Aires Paidós 1972
Saila:Psicología Social, 9
Gaiak:
Etiketak: Etiketa erantsi
Etiketarik gabe, Izan zaitez lehena erregistro honi etiketa jartzen!

MARC

LEADER 00000nam a2200000 a 4500
001 UCR0432
003 CL-VaPUC
008 971205e19720000AG |||||||||||||||||spa|d
082 0 4 |a 302  |b MON  |2 21 
100 |a Montmollin, Germaine de  |e autora  |9 503822 
700 0 |a Lambert, Roger  |e author  |9 396055 
700 0 |a Pages, Robert  |e author  |9 396056 
700 0 |a Flament, Claude  |e author  |9 396057 
700 |a Maisonneuve, Jean  |e autor  |9 396058 
245 1 0 |a Psicología social 
300 |a 343 p 
942 |c BK 
945 |d 19971205 00:00:00  |a jquezada 
260 |a Buenos Aires  |b Paidós  |c 1972 
650 0 |a Interacción social   |9 307764 
650 0 |a Psicología social   |9 222894 
650 7 |a PROCESOS DE COMUNICACION  |2 CL-VaPUC  |9 369288 
650 0 |a Sociometría  |9 271452 
650 0 |a Proceso de datos   |9 259776 
583 |a last modification  |c 19971205 00:00:00  |k Rodrigo Vera 
490 0 |a Psicología Social, 9 
999 |c 263950  |d 263948 
952 |0 0  |1 0  |4 0  |6 302_000000000000000_MON_1972  |7 0  |8 P  |9 293488  |a BIBGIM  |b BIBGIM  |d 2019-11-19  |i 3380319  |o 302 MON 1972  |p 3380319  |r 2025-01-15  |w 2019-11-19  |y BK  |k GIM